000 00310nam a22001457a 4500
020 _a0-7214-0939-3
082 _a823
_bMCC/S
100 _aMCCULLAGH
245 _aTHE SANDALWOOD GIRL
_bPUDDLE LANE
250 _a1
260 _aUK
_bLADYBIRD
300 _a43
650 _aENGLISH SHORT STORY
_zUK
942 _cBK
999 _c4197
_d4197